[Event "Dortmund Sparkassen op-B"]
[Site "Dortmund"]
[Date "2011.07.30"]
[Round "8"]
[White "Ophuels, Jan"]
[Black "Most, Bjoern"]
[Result "1-0"]
[WhiteElo "1638"]
[BlackElo "1581"]
[PlyCount "71"]
[EventDate "2011.07.23"]
[EventType "swiss"]
[EventRounds "9"]
[EventCountry "GER"]
[SourceTitle "EXT 2013"]
[Source "ChessBase"]
[SourceDate "2012.11.22"]
[SourceVersion "1"]
[SourceVersionDate "2012.11.22"]
[SourceQuality "1"]

1. Nf3 g6 2. e4 Bg7 3. d4 d6 4. c4 f5 5. Nc3 Nf6 6. Bd3 fxe4 7. Nxe4 0-0 8. 0-0 Nc6 9. Qb3 Nxe4 10. Bxe4 Nxd4 11. Nxd4 Bxd4 12. Bxb7 Bxb7 13. Qxb7 Bg7 14. Re1 Rf5 15. Rb1 Kh8 16. b3 Re5 17. Rxe5 Bxe5 18. Bb2 Bxb2 19. Rxb2 e5 20. Rd2 Qb8 21. Qd5 Qg8 22. c5 Qxd5 23. Rxd5 Rd8 24. cxd6 Rxd6 25. Rxd6 cxd6 26. f3 Kg7 27. Kf2 Kf6 28. Ke3 Ke6 29. b4 d5 30. a4 a6 31. f4 e4 32. g4 g5 33. f5+ Ke5 34. b5 axb5 35. axb5 d4+ 36. Ke2 1-0

[Event "Dortmund Sparkassen op-B"]
[Site "Dortmund"]
[Date "2011.07.29"]
[Round "7"]
[White "Huckebrink, Chris"]
[Black "Most, Bjoern"]
[Result "1-0"]
[WhiteElo "1778"]
[BlackElo "1581"]
[PlyCount "75"]
[EventDate "2011.07.23"]
[EventType "swiss"]
[EventRounds "9"]
[EventCountry "GER"]
[SourceTitle "EXT 2013"]
[Source "ChessBase"]
[SourceDate "2012.11.22"]
[SourceVersion "1"]
[SourceVersionDate "2012.11.22"]
[SourceQuality "1"]

1. e4 e6 2. Nf3 d5 3. exd5 exd5 4. c4 Nf6 5. cxd5 Nxd5 6. Nc3 Be6 7. Be2 Nc6 8. 0-0 Be7 9. Qa4 Nb6 10. Qd1 a6 11. d4 0-0 12. Be3 Nd5 13. Qd2 f5 14. Bg5 h6 15. Bxe7 Qxe7 16. Bc4 Qd6 17. Rfe1 Nce7 18. Qe2 Bf7 19. Ne5 c6 20. Rad1 Rae8 21. Qf3 Be6 22. Nd3 Ng6 23. Nc5 b5 24. Bb3 Nc7 25. Nxe6 Nxe6 26. d5 cxd5 27. Bxd5 Qb6 28. Bc6 Re7 29. Nd5 Nd4 30. Nxe7+ Nxe7 31. Bd5+ Kh7 32. Qd3 Nxd5 33. Qxd4 Qxd4 34. Rxd4 Nc7 35. Rd7 Rc8 36. Rc1 Nd5 37. Rxc8 Nb6 38. Rcc7 1-0

[Event "Dortmund Sparkassen op-B"]
[Site "Dortmund"]
[Date "2011.07.27"]
[Round "5"]
[White "Schulze, Marc Andre"]
[Black "Most, Bjoern"]
[Result "1-0"]
[WhiteElo "1837"]
[BlackElo "1581"]
[PlyCount "57"]
[EventDate "2011.07.23"]
[EventType "swiss"]
[EventRounds "9"]
[EventCountry "GER"]
[SourceTitle "EXT 2013"]
[Source "ChessBase"]
[SourceDate "2012.11.22"]
[SourceVersion "1"]
[SourceVersionDate "2012.11.22"]
[SourceQuality "1"]

1. d4 f5 2. Qd3 d6 3. g4 fxg4 4. h3 Nf6 5. e4 Nc6 6. hxg4 Bxg4 7. f3 Bh5 8. Be3 Bf7 9. Nc3 a6 10. Bh3 Nb4 11. Qd2 c5 12. d5 a5 13. f4 Bg6 14. Qg2 Qb8 15. Be6 Na6 16. Nge2 Nc7 17. f5 Bf7 18. Bg5 Bxe6 19. dxe6 Qa7 20. Nf4 a4 21. Bxf6 gxf6 22. Rxh7 Rxh7 23. Qg6+ Kd8 24. Qxh7 a3 25. Qg8 axb2 26. Qxf8+ Ne8 27. Rb1 c4 28. Ke2 Qd4 29. Nfd5 1-0

[Event "Dortmund Sparkassen op-B"]
[Site "Dortmund"]
[Date "2011.07.26"]
[Round "4"]
[White "Most, Bjoern"]
[Black "Boldt, Manfred"]
[Result "1-0"]
[WhiteElo "1581"]
[BlackElo "1669"]
[PlyCount "91"]
[EventDate "2011.07.23"]
[EventType "swiss"]
[EventRounds "9"]
[EventCountry "GER"]
[SourceTitle "EXT 2013"]
[Source "ChessBase"]
[SourceDate "2012.11.22"]
[SourceVersion "1"]
[SourceVersionDate "2012.11.22"]
[SourceQuality "1"]

1. e4 d6 2. Nf3 g6 3. d4 Bg7 4. Nc3 Nd7 5. Be2 c5 6. Be3 b6 7. Qd2 a6 8. a4 Bb7 9. d5 Ngf6 10. 0-0 Ng4 11. Bg5 h6 12. Bh4 Nge5 13. Nxe5 Nxe5 14. f4 Nd7 15. Nd1 Nf6 16. Nf2 Bc8 17. Rad1 0-0 18. e5 dxe5 19. fxe5 Nd7 20. d6 g5 21. Qd5 Rb8 22. Bg3 e6 23. Qe4 Bb7 24. Qe3 Bc6 25. Bd3 b5 26. b3 bxa4 27. bxa4 Qa5 28. Ra1 Rb4 29. c4 Rfb8 30. Ne4 Bxe4 31. Qxe4 Nf8 32. Be1 Ng6 33. Bxb4 cxb4 34. Rxf7 Nf4 35. Rxg7+ Kxg7 36. Qh7+ Kf8 37. Qxh6+ Kf7 38. Qf6+ Kg8 39. Qxg5+ Kh8 40. Qxf4 Qc5+ 41. Kh1 Rb7 42. Qh6+ Kg8 43. Qxe6+ Kh8 44. Qf6+ Rg7 45. Qf8+ Rg8 46. Qh6# 1-0